Unveiling Physician Surgeons' Professional Experiences Dealing with Surgical Performance and ''Life-and Death'' Situations Identifying Health Risk Factors for Surgeons' Well-Being/An Interpretative Phenomenological Analysis (Record no. 8742)
[ view plain ]
| 000 -LEADER | |
|---|---|
| fixed length control field | 00935cam a22001814a 4500 |
| 005 - ΗΜΕΡΟΜΗΝΙΑ ΚΑΙ ΩΡΑ ΤΕΛΕΥΤΑΙΑΣ ΕΝΗΜΕΡΩΣΗΣ | |
| Πεδίο ελέγχου | 20250605164345.0 |
| 008 - FIXED-LENGTH DATA ELEMENTS--GENERAL INFORMATION | |
| Πεδίο ελέγχου σταθερού μήκους | 250528s ||||||||||||||||||||||||d |
| 035 ## - SYSTEM CONTROL NUMBER | |
| System control number | 23808 |
| 040 ## - ΠΗΓΗ ΚΑΤΑΛΟΓΟΓΡΑΦΗΣΗΣ | |
| Φορέας πρωτότυπης καταλογογράφησης | MC Athens Campus Library |
| Γλώσσα καταλογογράφησης | Ελληνικά, Μοντέρνα (1453-) |
| Modifying agency | MC Athens Campus Library |
| Κανόνες περιγραφικής καταλογογράφησης | AACR2 |
| 245 1# - ΤΙΤΛΟΣ ΚΑΙ ΔΗΛΩΣΗ ΥΠΕΥΘΥΝΟΤΗΤΑΣ | |
| Τίτλος | Unveiling Physician Surgeons' Professional Experiences Dealing with Surgical Performance and ''Life-and Death'' Situations Identifying Health Risk Factors for Surgeons' Well-Being/An Interpretative Phenomenological Analysis |
| 260 ## - PUBLICATION, DISTRIBUTION, ETC. | |
| Date of publication, distribution, etc. | 2017 |
| 300 ## - PHYSICAL DESCRIPTION | |
| Extent | 49 |
| 520 ## - SUMMARY, ETC. | |
| Summary, etc. | Abstract, Introduction, Method, Epistemology of IPA, Steps of Analysis, Why IPA, Data Collection, Participants, Procedure, Analysis, Discussion, References, Appendices, Invitation Participation Letter, Consent Form, Debriefing, The Interview Schedule, Theme C, Reflexivity, Table of Themes, PDP - Professional Development Plan. |
| 700 1# - ΠΡΟΣΘΕΤΗ ΑΝΑΓΡΑΦΗ--ΦΥΣΙΚΟ ΠΡΟΣΩΠΟ | |
| Personal name | Theochari Maria |
| 9 (RLIN) | 9337 |
| 942 ## - ADDED ENTRY ELEMENTS (KOHA) | |
| Koha item type | Διπλωματική εργασία |
| Τύπος τεκμηρίου | Βιβλιοθήκη | Τρέχουσα τοποθεσία | Barcode | Ημερομηνία απόκτησης | Ταξιθετικό σύμβολο | Αριθμός αντιτύπου | Κατάσταση απόσυρσης | Κατάσταση χαμένου | Κατάσταση κατεστραμμένου | Μη δανεισμός | Σύνολο δανεισμών | Ημερομηνία τελευταίας εμφάνισης | Η τιμή ισχύει από |
|---|---|---|---|---|---|---|---|---|---|---|---|---|---|
| Διπλωματική εργασία | MC Athens Campus Library | MC Athens Campus Library | 9780000087416 | 05/06/2025 | PSY 2017 (30) | 1 | 05/06/2025 | 05/06/2025 |